| 000 | 00559nam a22001937a 4500 | ||
|---|---|---|---|
| 003 | OSt | ||
| 005 | 20260218070209.0 | ||
| 008 | 260218b |||||||| |||| 00| 0 eng d | ||
| 020 | _a9710868667 | ||
| 040 |
_aDWCL-Main Lib _cOC |
||
| 082 | _aProf. 370 T917 2008 | ||
| 100 | _aTulio, Doris | ||
| 245 | _aFoundations of education 2 | ||
| 260 |
_aManaluyong City : _bNational Book Store, _cc2008 |
||
| 300 |
_a250 pages ; _c23 cm. |
||
| 504 | _a1. Includes bibliographical references. | ||
| 650 | _aEducation. | ||
| 942 |
_2ddc _cPROF. _eSecond edition _mProf. _n0 |
||
| 999 |
_c8438 _d8438 |
||